[Event "YUG-ch op"]
[Site "Nis"]
[Date "1996.??.??"]
[Round "4"]
[White "Rajkovic, Dusan"]
[Black "Malaniuk, Vladimir P"]
[Result "0-1"]
[WhiteElo "2475"]
[BlackElo "2610"]
[Annotator "Malaniuk,V"]
[PlyCount "80"]
[EventDate "1996.??.??"]
[EventType "swiss"]
[EventRounds "10"]
[EventCountry "YUG"]
[SourceTitle "EXT 1999"]
[Source "ChessBase"]
[SourceDate "1998.11.16"]
[SourceVersion "1"]
[SourceVersionDate "1998.11.16"]
[SourceQuality "1"]

1. d4 f5 2. g3 Nf6 3. Bg2 (3. Nh3) 3... g6 4. Nf3 Bg7 5. O-O O-O 6. c3 e6 (6...
a5) 7. Nbd2 Nc6 8. b4 $146 (8. Qc2) (8. Re1) 8... a6 9. a4 d6 10. Ba3 $6 (10.
Bb2) 10... Nd5 $1 11. Qb3 b5 12. e4 fxe4 13. Nxe4 Bd7 14. axb5 axb5 15. Bb2
Rxa1 16. Rxa1 Qe7 17. Re1 h6 $15 18. h4 Qf7 19. Re2 Nce7 20. Qc2 Nb6 21. Bc1
Ned5 22. Bd2 Nc4 (22... Qf5 $1 {/\ Qh5-/+}) 23. Qc1 $1 Nxd2 24. Qxd2 Nb6 25.
Re1 Qf5 $1 26. Qe2 $6 (26. Qd3) 26... Qh5 27. Nfd2 $2 (27. Qd3 $15) 27... Qxe2
28. Rxe2 Ra8 $17 29. Bh3 $138 Ra1+ 30. Kg2 (30. Kh2 $142) 30... Kf7 31. Nf1 Bc6
32. f3 e5 (32... Rc1 $5) 33. dxe5 Bxe5 34. Nfd2 Nd5 35. Nb3 Ra3 36. Na5 $6 (36.
Nd4 Bxd4 (36... Nxc3 37. Nxc3 Bxd4 38. Be6+ Kg7 39. Nd5 {/\ Rc2}) 37. cxd4 Nxb4
) 36... Ba8 $19 37. h5 Nxc3 38. Rc2 Nxe4 39. Rxc7+ Kf6 40. fxe4 Rxg3+ 0-1

[Event "ROM-ch"]
[Site "Herculane"]
[Date "1996.??.??"]
[Round "10"]
[White "Dumitrache, Dragos Nicolae"]
[Black "Marin, Mihail"]
[Result "0-1"]
[WhiteElo "2495"]
[BlackElo "2530"]
[Annotator "Marin,M"]
[PlyCount "70"]
[EventDate "1996.12.??"]
[EventType "tourn"]
[EventRounds "15"]
[EventCountry "ROU"]
[EventCategory "8"]
[SourceTitle "CBM 056 Extra"]
[Source "ChessBase"]
[SourceDate "1997.03.01"]
[SourceVersion "1"]
[SourceVersionDate "1997.03.01"]
[SourceQuality "1"]

1. d4 d6 2. Nf3 f5 3. g3 Nf6 4. Bg2 g6 5. c3 Bg7 6. Qb3 e6 7. Nbd2 Nc6 8. O-O
O-O 9. Re1 d5 10. a4 $6 {><b4} (10. Ng5 a5 $132) 10... a5 11. Qc2 Ne4 12. Nb3
g5 $6 (12... b6 $142 13. Bf4 Ba6 14. Nc1 g5 15. Be5 Nxe5 16. Nxe5 Bxe5 17. dxe5
Qe7 $15) 13. Nfd2 e5 $6 14. Nxe4 fxe4 15. Be3 exd4 16. cxd4 $6 (16. Nxd4 $142
Ne5 17. Rad1 Qe7 18. b3 $14 {/\c4}) 16... h6 17. Rac1 Rf7 18. Qd2 Qd6 19. Rc3
$6 (19. f3 $142 $13) 19... Nb4 $15 20. f3 exf3 21. exf3 {[#]} Na2 22. Rc5 (22.
Rc2 Bf5) 22... b6 23. f4 bxc5 (23... c6 24. fxg5 bxc5 25. dxc5 Qf8 26. gxh6 Bf6
27. Nxa5 $44) 24. dxc5 Qf8 $1 25. Bxd5 Bh3 26. fxg5 (26. Nxa5 gxf4 $1 27. gxf4
(27. Bxf4 Qxc5+) 27... Nc3 $1 28. bxc3 Rxa5) 26... c6 27. Bxf7+ (27. g6 cxd5
28. Qxd5 Re8 29. Bf2 (29. Bd2 Be6 $1 30. Rxe6 Rf1+ 31. Kg2 Rxe6 32. Qxe6+ Kh8
$17) 29... Rxe1+ 30. Bxe1 Qe7 31. Qxf7+ Qxf7 32. gxf7+ Kxf7 $15) 27... Qxf7 28.
gxh6 Rf8 29. Bf4 (29. Qe2 Bxb2 $17 {(/\Qxb3)} 30. h7+ (30. Nd4 Nb4) 30... Kxh7
31. Qc2+ Kg8 32. Bf4 Nb4 $19) 29... Bxh6 30. Nxa5 (30. Bxh6 Qf1+ 31. Rxf1 Rxf1#
) 30... Bxf4 31. Qxf4 {[#]} (31. gxf4 Qg6+ 32. Kh1 Rxf4 $1 {(/\Qe4)} 33. Qe2
Nb4 $40) 31... Qd5 32. Qc4 $8 Nb4 33. b3 (33. Qxd5+ cxd5 34. c6 Nd3 35. Rd1 Rf2
36. c7 Rg2+ 37. Kf1 (37. Kh1 Nf2#) 37... Rd2+ 38. Kg1 Rxd1#) 33... Nd3 34. Rd1
Rf2 35. Qxd5+ (35. Qxd3 Qg2#) 35... cxd5 $138 0-1

[Event "ROM-ch"]
[Site "Iasi"]
[Date "1999.12.25"]
[Round "13"]
[White "Negulescu, Adrian"]
[Black "Marin, Mihail"]
[Result "1/2-1/2"]
[WhiteElo "2440"]
[BlackElo "2532"]
[Annotator "Marin,M"]
[PlyCount "65"]
[EventDate "1999.12.13"]
[EventType "tourn"]
[EventRounds "15"]
[EventCountry "ROU"]
[EventCategory "9"]
[SourceTitle "CBM 075"]
[Source "ChessBase"]
[SourceDate "2000.04.05"]
[SourceVersion "1"]
[SourceVersionDate "2000.04.05"]
[SourceQuality "1"]

1. d4 g6 2. Nf3 Bg7 3. g3 f5 4. Bg2 Nf6 5. O-O O-O 6. c3 d6 7. Bg5 Qe8 8. Qc1
e5 9. Bh6 Nc6 10. Bxg7 Kxg7 11. e3 Bd7 12. Ne1 g5 13. Nd3 e4 14. Nb4 Ne7 15. f3
exf3 16. Bxf3 c6 17. c4 Ng6 18. Nd3 Qe7 19. Nc3 Rae8 20. Re1 Qf7 21. b3 Ne4 22.
Bg2 Nxc3 23. Qxc3 Qf6 24. Rac1 Rf7 25. Nf2 Rfe7 26. e4 c5 27. exf5 cxd4 28. Qd2
Rxe1+ (28... Bxf5 $1 $17 29. Rxe7+ (29. Bxb7 d3) 29... Rxe7 30. Rd1 (30. g4 Bd7
31. Ne4 (31. Rd1 Nf4) 31... Qe5 32. Qxg5 Qxg5 33. Nxg5 Bxg4 $17) 30... d3 $1
31. Nxd3 $8 Bg4 $3 {Rogozenko} 32. Rf1 (32. Nb4 Re2) (32. Rc1 Qd4+ 33. Kh1 Re3
$19) (32. Re1 Qd4+) 32... Qd4+ 33. Rf2 (33. Kh1 Be2) 33... Re2 34. Qxg5 Rxf2
35. Nxf2 Qa1+ 36. Bf1 Be2 $19) 29. Rxe1 Rxe1+ 30. Qxe1 Bxf5 31. Bxb7 Ne5 32.
Kg2 g4 33. Qd2 1/2-1/2

[Event "Sao Paulo zt 2.4"]
[Site "Sao Paulo"]
[Date "2001.??.??"]
[Round "7"]
[White "Oblitas Guerrero, Carlomagno"]
[Black "Soto Vega, Jorge"]
[Result "1/2-1/2"]
[WhiteElo "2404"]
[BlackElo "2386"]
[Annotator "Melao,H"]
[PlyCount "24"]
[EventDate "2001.06.07"]
[EventType "tourn"]
[EventRounds "9"]
[EventCountry "BRA"]
[EventCategory "8"]
[SourceTitle "CBM 082 Extra"]
[Source "ChessBase"]
[SourceDate "2001.07.03"]
[SourceVersion "1"]
[SourceVersionDate "2001.07.03"]
[SourceQuality "1"]

1. d4 f5 2. g3 g6 3. Bg2 Nf6 4. Nd2 Bg7 5. c3 O-O 6. Nh3 (6. Qb3+ d5 7. Nh3 e6
(7... c6 8. Nf3 Ng4 9. c4 dxc4 10. Qxc4+ Qd5 11. Qa4 e5 12. dxe5 Nxe5 13. Nf4
Qc4 14. Qa3 Nxf3+ 15. Bxf3 Nd7 16. O-O Ne5 17. Bg2 Qf7 18. Rd1 Nc4 19. Qb3 Nxb2
20. Bd5 cxd5 21. Bxb2 Bxb2 22. Qxb2 {Hoelzl,F-Druckenthaner,A/Frohnleiten 2000/
CBM 77 ext/1/2-1/2 (51)}) 8. Nf4 Qe7 9. Nf3 b6 10. h4 c5 11. h5 gxh5 12. c4 Ba6
13. cxd5 exd5 14. Ne5 c4 15. Nxd5 Nxd5 16. Bxd5+ Kh8 17. Qf3 {1-0 Razuvaev,
Y-Krizsany,L/Basel 1999/EXT 2000 (17)}) 6... a5 $5 {[%csl Yb4][%cal Ya8a6,
Ya6f6]} (6... d5 7. O-O c6 8. Nf3 Na6 9. Nf4 Qe8 10. Ne5 e6 11. Nfd3 Nd7 12.
Bf4 h6 13. Qd2 Kh7 14. Nxd7 Bxd7 15. Ne5 Qe7 16. h4 c5 17. Nxd7 Qxd7 18. Be3
cxd4 19. Bxd4 e5 20. Be3 Rfd8 21. Rfd1 {Marinelli,F-Maddaloni,G/Palocco 1998/
EXT 2001/1-0 (31)}) (6... c6 7. Qb3+ (7. Nf4 d6 8. Qb3+ Kh8 9. Ne6 Bxe6 10.
Qxe6 Nd5 11. Bxd5 Rf6 12. Qe3 cxd5 13. Qf3 Qa5 14. h4 h5 15. Nc4 Qb5 16. Na3
Qc6 17. Bg5 Rf7 18. Nc2 e6 19. O-O a5 20. Ne3 Nd7 21. Rac1 Rc8 {Khenkin,
I-Vragoteris,A/Corfu 1991/EXT 97/1-0 (43)}) 7... Kh8 8. O-O Na6 9. Re1 Nc7 10.
e4 fxe4 11. Nxe4 d5 12. Neg5 h6 13. Nf3 g5 14. Ne5 Qe8 15. Qc2 Ne4 16. f3 Bxe5
17. fxe4 Bg7 18. Nf2 Qg6 19. Qe2 Be6 20. e5 Rf7 21. g4 Raf8 22. Be3 Bc8 {
1/2-1/2 De la Rocha,R-Esain Manresa,M/Zaragoza 1992/TD (22)}) 7. O-O Ra6 8. e4
fxe4 9. Nxe4 Nxe4 10. Bxe4 d5 11. Bg2 Raf6 12. Bf4 Nc6 1/2-1/2

[Event "EU-ch 17th"]
[Site "Gjakova"]
[Date "2016.05.17"]
[Round "6"]
[White "Saric, Ante"]
[Black "Bartel, Mateusz"]
[Result "0-1"]
[WhiteElo "2594"]
[BlackElo "2653"]
[Annotator "Meulders,R"]
[PlyCount "92"]
[EventDate "2016.05.12"]
[EventType "swiss"]
[EventRounds "11"]
[EventCountry "KOS"]
[SourceTitle "CBM 173"]
[Source "ChessBase"]
[SourceDate "2016.07.12"]
[SourceVersion "1"]
[SourceVersionDate "2016.07.12"]
[SourceQuality "1"]

1. d4 f5 2. g3 Nf6 3. Bg2 g6 4. Nf3 Bg7 5. O-O O-O 6. b3 {In this game we see
White wasting a lot of tempi with complicated knight moves instead of the
natural c4. So 6.b3 is flexible but certainly not better than 6.c4.} Ne4 {
An alternative for the much more frequently played 6...d6. One idea can be to
follow up with ...c5, exploiting the weakening of the a1-h8 diagonal or
switching to a kind of Stonewall with ...d5. Incidentally, the move 6...Ne4
was also sometimes used by Alekhine in the Classical Dutch (i.e. where Black
plays ...e6 instead of ...g6). He first used it against Sämisch in Dresden
1936. Alekhine's idea was to delay committing the d-pawn to d6 or d5.} 7. Bb2
d6 8. Nbd2 Nc6 9. Ne1 (9. Nxe4 fxe4 10. Ne1 d5 11. c4 dxc4 12. e3 Be6 13. Bxe4
Bd5 14. Bxd5+ Qxd5 15. Rc1 cxb3 16. Rc5 Qf7 17. Qxb3 Qxb3 18. axb3 Rf5 19. Nd3
e6 20. g4 Rd5 21. Rxd5 exd5 22. Nf4 Rd8 23. Ne6 Rc8 (23... Rd7 $2 24. Nc5 $1)
24. e4 Kf7 25. Ng5+ Kg8 26. Ne6 Kf7 27. Ng5+ Kg8 28. e5 $11 {1/2-1/2 (43)
Caruana,F (2697)-Ivanchuk,V (2739) Reggio Emilia 2010}) ({Bartel himself played
} 9. c4 {here in an older game:} Nxd2 10. Qxd2 e5 11. d5 Nb8 12. Rac1 Qe7 13.
Ba3 Na6 14. b4 f4 15. e4 g5 16. Ne1 (16. h3 $5) 16... Bd7 17. f3 h5 18. Nd3 Bh6
{0-1 (30) Bartel,M (2609)-Jakubiec,A (2541) Ustron 2007; and Black's kingside
attack looks more dangerous than White's initiative on the queenside.}) 9...
Ng5 10. f4 Nf7 11. Nc4 e6 12. Qd2 (12. e3 Rb8 13. Nd3 (13. a4 Ne7 14. a5 b5 15.
axb6 axb6 16. Nd3 Bb7 17. Bxb7 Rxb7 18. Qe2 b5 19. Nd2 c5 20. dxc5 Bxb2 21.
Nxb2 dxc5 22. c4 $11 {1/2-1/2 (30) Eljanov,P (2690)-Bartel,M (2658) Moscow 2012
}) 13... Ne7 14. a4 Bd7 15. Nd2 Bc6 16. Bxc6 Nxc6 17. c4 a5 18. Qc2 Qd7 19. d5
Nb4 20. Nxb4 Bxb2 21. Qxb2 axb4 22. dxe6 Qxe6 23. Rfe1 Rbe8 $11 {1-0 (63)
Oleksienko,M (2618)-Swiercz,D (2608) Lublin 2014}) 12... Rb8 {As in the game
against Eljanov, Bartel prepares the fianchetto of Bc8.} 13. Rd1 Ne7 14. Nd3 b6
15. Ne3 $6 (15. e3) 15... Bb7 16. c4 (16. Bxb7 {looks better, displacing the
black rook:} Rxb7 17. c4 Qd7 18. d5 Bxb2 19. Nxb2 c6 20. dxe6 Qxe6 21. Nc2 $11)
16... Bxg2 17. Nxg2 Qe8 18. Nf2 {Yet another knight move. The idea is of
course to advance the pawn to e4, which Black prevents for good.} d5 $1 19.
cxd5 exd5 20. Rc1 Rc8 21. Ba3 (21. Nd3 Nd6 22. Ne5 Ne4 $15) (21. e3 Nd6 22. Ne1
Ne4 23. Qe2 Qd7 24. Ba3 Rfd8 25. Ned3 $11) 21... Qd7 22. Ne1 Rfe8 23. Nf3 Nc6
24. Rc3 $4 {Why expose yourself to an X-ray attack by the Bg7 when there are
two good alternatives that lead to a an equal position, preferable to a losing
one?} (24. e3 $11) (24. Rc2 $11) 24... Nxd4 $1 $17 25. Nxd4 c5 26. Rd3 (26. Nf3
Bxc3 27. Qxc3 Rxe2 $19) 26... Bxd4 27. Rxd4 $2 (27. e3 $1 Bg7 28. Rxd5 Qe6 29.
Rd3 b5 30. Re1 c4 31. bxc4 bxc4 32. Rd7 c3 33. Qd5 Qxd5 34. Rxd5 Rc6 35. Bc1
Ra6 36. Re2 $15) 27... cxd4 $17 28. Bb2 (28. Qxd4 Rxe2 29. Bb2 Kf8 30. Nd3 Rcc2
31. Rf2 Rxf2 32. Nxf2 Qe6 $19) 28... d3 $1 29. Qxd3 d4 $1 {Meant to prevent
the setting up of the battery Qd4-Bb2. Space and activity are more important
than material in this position, especially since Black is materially speaking
already winning. Of course White must take the pawn with the bishop, since
exchanging the queens only speeds up defeat.} 30. Bxd4 Qc6 31. e3 {A little
late to play this move...} Red8 32. a4 Rc7 33. Ra1 Qf3 34. Rf1 {I guess this
phase was played in time trouble.} Qc6 35. Ra1 Qd5 $1 36. a5 (36. Rd1) 36...
bxa5 37. Qd2 Rdc8 $19 38. Qd1 (38. Rxa5 $4 Rc1+) 38... Rc2 39. g4 Nd6 40. Bxa7
Qxd1+ 41. Rxd1 Rc1 42. Rxc1 Rxc1+ 43. Kg2 Rb1 44. gxf5 gxf5 45. Bb6 a4 46. Bc5
Nb7 {Conclusion: White wasted too much time horsing around with his knights,
neglected to strengthen the centre in time with e3 and played a disastrous
rook move into the line of fire of the black bishop.} 0-1

[Event "Koop Tjuchem"]
[Site "Groningen"]
[Date "1996.??.??"]
[Round "6"]
[White "Akopian, Vladimir Eduardovic"]
[Black "Onischuk, Alexander"]
[Result "1-0"]
[WhiteElo "2630"]
[BlackElo "2605"]
[Annotator "Meulders,R"]
[PlyCount "67"]
[EventDate "1996.12.20"]
[EventType "tourn"]
[EventRounds "11"]
[EventCountry "NED"]
[EventCategory "16"]
[SourceTitle "CBM 057"]
[Source "ChessBase"]
[SourceDate "1997.04.01"]
[SourceVersion "1"]
[SourceVersionDate "1997.04.01"]
[SourceQuality "1"]

1. Nf3 f5 2. g3 Nf6 3. Bg2 d6 4. d4 g6 5. c3 Bg7 6. Qb3 c6 7. O-O Qb6 8. Qc2
O-O 9. Nbd2 Kh8 10. e4 fxe4 11. Nxe4 Bf5 12. Nh4 Nxe4 13. Bxe4 Bxe4 14. Qxe4 e5
15. dxe5 dxe5 16. Be3 Qc7 17. Nf3 Nd7 18. Ng5 Nf6 19. Qh4 Rfe8 (19... Rae8) 20.
Rad1 Qe7 21. Rd6 h6 22. Rfd1 Kg8 23. Ne4 g5 24. Nxf6+ Qxf6 25. Qc4+ Qf7 26.
Qxf7+ Kxf7 27. Rd7+ Kg8 (27... Re7 28. Bc5 $16) 28. Rxb7 a5 29. Rd6 Reb8 30.
Rbd7 Bf8 31. Rg6+ Kh8 32. b3 c5 33. Rc7 Rc8 34. Rgc6 {Ein gerauschloser Gewinn.
} 1-0

[Event "Julian Borowski-B 2nd"]
[Site "Essen"]
[Date "2000.05.06"]
[Round "9"]
[White "Fridman, Daniel"]
[Black "Mainka, Romuald"]
[Result "1/2-1/2"]
[WhiteElo "2539"]
[BlackElo "2478"]
[Annotator "Meulders,R"]
[PlyCount "86"]
[EventDate "2000.04.27"]
[EventType "tourn"]
[EventRounds "9"]
[EventCountry "GER"]
[EventCategory "10"]
[SourceTitle "CBM 077"]
[Source "ChessBase"]
[SourceDate "2000.07.27"]
[SourceVersion "1"]
[SourceVersionDate "2000.07.27"]
[SourceQuality "1"]

1. d4 f5 2. g3 Nf6 3. Bg2 g6 4. Nh3 {Die 'faule' Alternative zu Nf3, mit der
Weiss viel Theorie vermeidet.} Bg7 5. Nf4 {[%cal Gf4g6,Gf4d5,Gf4e6,Gf4d3]} Nc6
(5... O-O {Dieser Zug wurde gespielt bei der Premiere dieser Variante auf
hohem Niveau, Alekhine-Tartakower, Karlsbad 1923. Im Turnierbuch schrieb
damals Bernhard Kagan: "Die Rochade ist zu riskant, da Weiss nun sofort
angreifen kann."} 6. h4 (6. h4 c6 (6... Bh8 7. Nd2 (7. Qd3 e6 8. Nd2 Nc6 9. Nf3
Ne4 10. Be3 b5 11. Ng5 Nxg5 12. hxg5 d5 13. O-O-O Rb8 14. Rh4 $18 {1-0 Flear,
G-Wilson,J/Hastings 1994/EXT 98 (26)}) 7... e6 (7... Nc6 8. c3 e6 9. d5 exd5
10. Nxd5 Ne7 11. Nxf6+ Bxf6 12. Nf3 d5 13. h5 $16 {Fokin,S-Vyzmanavin,A
Smolensk} Kh8 {Fokin,S-Vyzmanavin,A Smolensk 1989/}) 8. c3 c6 9. e4 d6 10. exf5
exf5 11. O-O Bg7 12. d5 Re8 13. Nc4 Bf8 14. a4 $14 {1/2-1/2 Bagaturov,
G-Galdunts,S/Belgorod 1989/TD (34)}) (6... Qe8 7. Nc3 c6 8. h5 d6 9. hxg6 hxg6
10. d5 Na6 11. e4 $1 $14 Nc5 12. exf5 Bxf5 13. Be3 Ng4 14. Bxc5 dxc5 15. Bh3
Nxf2 16. Kxf2 Bxh3 17. Rxh3 g5 18. Qd3 Rf7 19. Rah1 gxf4 20. Kg2 $2 ({Weiss
hätte sofort gewinnen können mit} 20. Qh7+ $1 Kf8 21. Qg6 $1 Bd4+ (21... fxg3+
22. Ke1 $1 Bxc3+ 23. bxc3 Rh7 24. Rf1+ {ist noch schlimmer}) 22. Ke1 $1 Rh7 23.
Qxh7 $18) 20... fxg3 21. Qxg3 Rf6 22. Rh8+ $18 {1-0 King,D-Fishbein,A/New York
1990/CBM 20/ (45)}) (6... d6 7. c3 (7. Nc3 c6 8. e4 Na6 9. Qe2 fxe4 10. Nxe4
Nxe4 11. Bxe4 d5 12. Bd3 Bxd4 13. h5 e5 14. hxg6 exf4 15. Qh5 Qe7+ 16. Kd1 hxg6
17. Bxg6 Bd7 18. c3 Bf6 19. Bh7+ Kh8 20. Bf5+ Kg8 21. Qg4+ $16 {0-1 Evseev,
D-Wiley,T/Pardubice 1999/EXT 2000 (64)}) (7. d5 Qe8 8. h5 e5 9. dxe6 Nc6 10.
hxg6 hxg6 11. Nc3 Bxe6 12. Ncd5 Bxd5 13. Nxd5 Ne4 14. Nxc7 Qc8 15. Nxa8 $18 {
1-0 Kalinitschew,S-Sailer,W/Bad Woerishofen 2000/CBM 75 ext (28)}) 7... Qe8 (
7... c6 8. Qb3+ d5 9. h5 g5 10. h6 Bh8 11. Nd3 g4 12. Bf4 $14 {Savchenko,
S-Malaniuk,V Herson 1989/}) 8. Bxb7 Bxb7 9. Qb3+ d5 10. Qxb7 Qc6 11. Qxc6 Nxc6
12. Ne6 $18 {1-0 Ulibin,M-Schnabel,R/Berlin 1996/CBM 54 ext (30)}) (6... Re8 7.
h5 g5 8. h6 gxf4 9. hxg7 fxg3 10. fxg3 d5 11. Nc3 Be6 12. Qd3 Nc6 13. Bg5 $16 {
1/2-1/2 Szeberenyi,A-Sebe,R/Oropesa del Mar 1999/CBM 72 ext (52)}) 7. h5 Qe8 8.
hxg6 hxg6 9. c3 $1 d6 10. Qb3+ e6 11. Nd2 g5 $8 12. Nh3 Nh7 13. Nc4 $14 {
Cifuentes Parada,R-Reinderman,D Groningen 1992 Inf 56/97/})) 6. O-O (6. d5 Ne5
7. Nc3 (7. h4 c6 8. Nc3 O-O 9. h5 cxd5 10. hxg6 hxg6 11. Ncxd5 Nxd5 12. Bxd5+
e6 13. Bg2 Qb6 14. c3 d5 15. Qb3 $1 Qxb3 16. axb3 Kf7 $13 {Pugachev,
A-Rublevsky,S SSSR 1991 Inf 52/101/}) 7... c6 8. Nd3 Nf7 9. O-O O-O 10. f4 cxd5
11. Nxd5 Nxd5 12. Bxd5 e6 13. Bg2 d5 $15 {0-1 Rubinstein,A-Bogoljubow,E/
Karlsbad 1923/HCL (43)}) ({Mit} 6. h4 {kann Weiss versuchen in die oben
erwähnten Varianten einzulenken, falls Schwarz reagiert mit 6...0-0.}) 6... O-O
7. c3 {[%cal Gd1b3,Gb3g8]} (7. d5 Ne5 8. Nd2 c6 9. c4 g5 10. Nh3 h6 11. Qb3 Nf7
12. f4 e6 13. e4 exd5 14. exd5 g4 15. Nf2 cxd5 16. cxd5 d6 17. Nc4 $14 {
0-1 Manninen,M-Pyhala,A/Espoo 1993/EXT 2000 (38)}) 7... Kh8 8. Nd3 d6 9. d5 Ne5
10. Nd2 Nxd3 11. exd3 {Jetzt sind die beide Tempofresser verschwunden. Weiss
steht besser, weil er über die halboffene e-Linie verfügt und weil der Pd5 die
schwarze Aktivität einschränkt. Ein dritter Faktor, der günstig ist für Weiss,
ist dass der Bc8 eingeengt ist. Schwarz kann ihm aber sofort mehr Raum
verschaffen.} f4 $1 12. Nb3 fxg3 13. hxg3 Bg4 14. Qc2 Rc8 15. Nd4 {[%cal Gd4c6,
Gd4e6]} c6 $6 {Schwarz ist bereit einen Bauern zu investieren, weil er nach
dem vorbereitenden} (15... Qd7 {eingeengt würde nach} 16. Re1 c5 17. Ne6 Bxe6
18. Rxe6) 16. Ne6 ({Ich hätte es mir zeigen lassen. Nach} 16. dxc6 bxc6 17.
Nxc6 Qd7 18. Nb4 {erscheint mir die Kompensation für den Bauernverlust
ungenügend.}) 16... Bxe6 17. dxe6 {Dieser Bauer ist eher ein Pfählchen als ein
Pfahl im schwarzen Fleische. Obendrein kann er im Endspiel ein leichte Beute
werden.} Qa5 18. Qe2 h5 $6 {[%csl Rg6] Aktiv aber riskant.} 19. Bh3 Kh7 20. f4
$1 $40 Bh6 $1 21. Bd2 (21. f5 g5) 21... Rg8 22. c4 Qc7 23. Bc3 ({Weil beide
Könige ziemlich unsicher stehen, käme eine Aktion am Damenflügel mit} 23. b4 c5
24. Rab1 {vielleicht in Betracht.}) 23... Rcf8 24. Rf2 {Nicht nur als
Vorbereitung der Verdopplung, aber auch um Qb6+ aus zu schalten.} b5 {Sonst
könnte Schwarz kaum aktiv werden.} 25. cxb5 $6 {[%cal Gf6d5]} (25. a4 $1) 25...
cxb5 26. Bd4 Bg7 $6 27. Be3 $6 (27. f5 $5 g5 28. Bxf6 Rxf6 29. Qxh5+ Rh6 30.
Qg4 Qb6 31. Kg2 Rc8 32. Raf1 Qc6+ 33. Qe4 $16) 27... Nd5 28. Rc1 Qb8 29. Bg2
Nxe3 30. Qxe3 Qb6 {Es drohte Be4 und Qf3/Qxh5+.} 31. Qxb6 axb6 {[%csl Rb5,Rb6,
Rd3,Re6,Re7][%cal Gg7d4,Gd4f2]} 32. Kh2 Bd4 33. Re2 (33. Rfc2 Be3 34. Re1 Bc5
35. Re4 h4 36. d4 d5 $8 37. Re5 hxg3+ 38. Kxg3 Bxd4 39. Rxd5 Be3 40. Rxb5 Bxf4+
41. Kg4 Be3 $13) 33... Rc8 34. Rcc2 Rxc2 35. Rxc2 Kg7 $11 36. Bb7 $6 (36. Bd5
Kf6 37. Kg2) 36... Kf6 37. Rc8 $2 {Zweifellos eine Zeitnotphase.} Rg7 $2 (37...
Rxc8 38. Bxc8 Bxb2 $15) 38. Bd5 Kf5 (38... Bxb2 $4 39. Rf8+ $18) 39. Rf8+ Bf6
40. Rb8 g5 41. Rxb6 gxf4 42. gxf4 Bxb2 43. Rxb5 Bd4 (43... Bd4 44. Be4+ Kxe6
45. Rxh5 $14) 1/2-1/2